00528nam a2200181Ia 450000500170000000800460001703700120006304000200007504100130009508400210010810000200012924500460014926000470019530000150024236500120025765000250026970000520029420250508151142.0008 250505s9999 xx 000 0 eng d aTextual aFEDLbengcFEDL aeng2eng a028.5, MEIqFEDL aMieigs Cornelia 0aCritical history of children's literature aNew York, USAbThe Macmillan Companyc1953 axxiv,624p. aINRb38 aChildrens literature a Eaton Anne Nesbitt Elizabeth Viguers Ruth Hill